| 000 | 00451cam a2200181ua 4500 | ||
|---|---|---|---|
| 020 | _c275 | ||
| 041 |
_aeng _h |
||
| 082 |
_a581.0724 _bNAR/PL |
||
| 100 | _aNarayanaswamy, S . | ||
| 245 |
_aPlant Cell and Tissue culture / _cS Narayanaswamy. _hTextual Documents |
||
| 250 |
_a1 / _b. |
||
| 260 |
_a : _bTata Mc-Graw Hill Publishing Company , _c1961. |
||
| 365 | _a275 | ||
| 500 | _a*CSS | ||
| 504 | _a | ||
| 942 | _cBK | ||
| 999 |
_c3393 _d3393 |
||